000 00653nam a22001937a 4500
999 _c17152
_d17152
008 180904b xxu||||| |||| 00| 0 eng d
020 _a0821365657
040 _aKABU
_cKABU
050 _aHJ9695
_b.L63 2006 c. 1
245 _aLocal governance in developing countries
_cedited by Anwar Shah
260 _aWashington, D.C.
_bThe World Bank
_c2006
300 _axxix, 457 p.
650 _aLocal finance
_zDeveloping countries
650 _aLocal government
_zDeveloping countries
650 _aFinance, Public
_zDeveloping countries
650 _aPublic administration
_zDeveloping countries
700 _aShah, Anwar
942 _2lcc
_cBK
_hHJ9695